Economic and Environmental Sustainability of Mineral Resouces of Pakistan: (Record no. 330067)

000 -LEADER
fixed length control field nam a22 7a 4500
003 - CONTROL NUMBER IDENTIFIER
control field NUST
005 - DATE AND TIME OF LATEST TRANSACTION
control field 20170607111019.0
008 - FIXED-LENGTH DATA ELEMENTS--GENERAL INFORMATION
fixed length control field 170607b xxu||||| |||| 00| 0 eng d
022 ## - INTERNATIONAL STANDARD SERIAL NUMBER
Source 0367-4045
040 ## - CATALOGING SOURCE
Transcribing agency 0
082 ## - DEWEY DECIMAL CLASSIFICATION NUMBER
Classification number 550.5 SHA
245 ## - TITLE STATEMENT
Title Economic and Environmental Sustainability of Mineral Resouces of Pakistan:
Remainder of title Proceeding of National Conference
Statement of responsibility, etc. Edited by M.Tahir Shah, Syed Hamidullah
260 ## - PUBLICATION, DISTRIBUTION, ETC.
Place of publication, distribution, etc. Peshawar
Name of publisher, distributor, etc. University of Peshawar
Date of publication, distribution, etc. 2004
300 ## - PHYSICAL DESCRIPTION
Extent 228p.
500 ## - GENERAL NOTE
General note P.B
942 ## - ADDED ENTRY ELEMENTS (KOHA)
Source of classification or shelving scheme
Koha item type Book
Call number prefix 550.5 SHA
Holdings
Withdrawn status Lost status Source of classification or shelving scheme Damaged status Not for loan Collection code Permanent Location Current Location Shelving location Date acquired Total Checkouts Full call number Barcode Date last seen Price effective from Koha item type
            Central Library (CL) Central Library (CL) General Stacks 06/07/2017   550.5 SHA IESE-2595 06/07/2017 06/07/2017 Book
© 2023 Central Library, National University of Sciences and Technology. All Rights Reserved.